000
00308nam a2200121Ia 4500
008
191201s2007 xx 000 0 und d
100
_a
SATYAPRAKASH
245
0
_a
Advanced Inorganic Chemistry vol-1
260
_a
N. delhi
_b
S Chand and Co. Ltd.
_c
2007
300
_a
1391
650
_a
Applied
942
_2
ddc
_c
BK
999
_c
6637
_d
6637